LEADER 01008nam a2200229 a 4500 001 991003961219707536 008 035 $ab14415665-39ule_inst 040 $aBibl. Dip.le Aggr. Scienze Giuridiche - Sez. Studi Giuridici$bita 082 0 $a343.45057 100 1 $aVinci, Calogero$0107166 245 13$aLe leggi sulle imposte di bollo :$bcorredate di evoluzione legislativa, bibliografia, note di commento, istruzioni amministrative e massime giurisprudenziali /$cCalogero Vinci 260 $aPiacenza :$bLa TrIbuna,$c1969 300 $axix, 428 p. ;$c25 cm. 490 0 $aLegislazione tributaria commentata ;$v1 650 4$aBollo$xDiritto$xItalia 907 $a.b14415665$b03-08-21$c03-08-21 912 $a991003961219707536 945 $aLE027 343.45 VIN01.02$g1$i2027000373994$lle027$o-$pE0.00$q-$rl$s- $t0$u0$v0$w0$x0$y.i15970401$z03-08-21 996 $aLeggi sulle imposte di bollo$9663555 997 $aUNISALENTO 998 $ale027$b - - $cm$da $e-$fita$git $h3$i0